|
|
|
|
| LEADER |
00000nam0a2200000 4500 |
| 001 |
276885 |
| 005 |
20231101234949.0 |
| 035 |
|
|
|a (RuTPU)RU\TPU\book\300158
|
| 090 |
|
|
|a 276885
|
| 100 |
|
|
|a 20141126d1985 k y0rusy50 ca
|
| 101 |
0 |
|
|a rus
|
| 102 |
|
|
|a RU
|
| 105 |
|
|
|a a z 001zy
|
| 200 |
1 |
|
|a Совершенствование рабочих параметров машин
|f Академия наук СССР (АН СССР), Уральский научный центр (УНЦ) ; под ред. Г. Л. Химича
|
| 210 |
|
|
|a Свердловск
|c Изд-во УНЦ АН СССР
|d 1985
|
| 215 |
|
|
|a 104 с.
|c ил.
|
| 320 |
|
|
|a Библиогр. в конце ст.
|
| 606 |
1 |
|
|a Машиностроение
|2 stltpush
|3 (RuTPU)RU\TPU\subj\71949
|9 85607
|
| 610 |
1 |
|
|a машины
|
| 610 |
1 |
|
|a параметры
|
| 610 |
1 |
|
|a совершенствование
|
| 610 |
1 |
|
|a машинная техника
|
| 610 |
1 |
|
|a технология
|
| 610 |
1 |
|
|a тяжелое машиностроение
|
| 610 |
1 |
|
|a машиностроительные конструкции
|
| 610 |
1 |
|
|a напряженно-деформированное состояние
|
| 675 |
|
|
|a 621.002
|v 3
|
| 702 |
|
1 |
|a Химич
|b Г. Л.
|4 340
|
| 712 |
0 |
2 |
|a Академия наук СССР (АН СССР)
|b Уральский научный центр (УНЦ)
|2 stltpush
|3 (RuTPU)RU\TPU\col\3284
|
| 801 |
|
1 |
|a RU
|b 63413507
|c 20141126
|
| 801 |
|
2 |
|a RU
|b 63413507
|c 20160505
|g RCR
|
| 942 |
|
|
|c BK
|